| 000 | 01356nam a22003737a 4500 | ||
|---|---|---|---|
| 082 |
_a297.4 _bNAD _cL- , P- |
||
| 100 |
_aNadvi Maulana Syyed _946785 |
||
| 245 |
_aدستورِ حیات _cMaulana Syyed Nadvi |
||
| 260 |
_aKarachi, Pakistan _bShakeel Printing Press |
||
| 300 | _a240 p.: | ||
| 526 |
_a0 _b0 _c0 _d297_400000000000000_NAD |
||
| 526 |
_a0 _b0 _c0 _d297_400000000000000_NAD |
||
| 526 |
_a0 _b0 _c0 _d297_400000000000000_NAD |
||
| 526 |
_a0 _b0 _c0 _d297_400000000000000_NAD |
||
| 526 |
_a0 _b0 _c0 _d297_400000000000000_NAD |
||
| 526 |
_a0 _b0 _c0 _d297_400000000000000_NAD |
||
| 526 |
_a0 _b0 _c0 _d297_400000000000000_NAD |
||
| 526 |
_a0 _b0 _c0 _d297_400000000000000_NAD |
||
| 526 |
_a0 _b0 _c0 _d297_400000000000000_NAD |
||
| 526 |
_a0 _b0 _c0 _d297_400000000000000_NAD |
||
| 526 |
_a0 _b0 _c0 _d297_400000000000000_NAD |
||
| 526 |
_a0 _b0 _c0 _d297_400000000000000_NAD |
||
| 526 |
_a0 _b0 _c0 _d297_400000000000000_NAD |
||
| 526 |
_a0 _b0 _c0 _d297_400000000000000_NAD |
||
| 526 |
_a0 _b0 _c0 _d297_400000000000000_NAD |
||
| 526 |
_a0 _b0 _c0 _d297_400000000000000_NAD |
||
| 526 |
_a0 _b0 _c0 _d297_400000000000000_NAD |
||
| 526 |
_a0 _b0 _c0 _d297_400000000000000_NAD |
||
| 526 |
_a0 _b0 _c0 _d297_400000000000000_NAD |
||
| 526 |
_a0 _b0 _c0 _d297_400000000000000_NAD |
||
| 526 |
_a0 _b0 _c0 _d297_400000000000000_NAD |
||
| 650 |
_aMCE _9379 |
||
| 942 |
_2ddc _cBK |
||
| 999 |
_c550017 _d550017 |
||